000 01569cam a22004574i 4500
003 PE-LiUPU
005 20250731173520.0
008 150616s1983 xxu r 000 0 eng d
035 _a(Sirsi) a8243
040 _aPE-LiUPU
_bspa
_cPE-LiUPU
_erda
049 _aPRUA
082 0 4 _a236
_bD94
_221
100 1 _aDoukhan, Jacques,
_eautor.
245 1 0 _aAux portes de L'Esperance /
_cJacques Doukhan.
264 1 _aParís :
_bEditions Vie et sante,
_c1983.
300 _a316 páginas ;
_c19 centímetros
336 _atext
_2rdacontent
337 _aunmediated
_2rdamedia
338 _avolume
_2rdacarrier
505 0 _aUne revellation d'en haut -- Une vision de l'apres -- Le jugement -- Le cri -- La guerre -- Comme un voleur -- Au reveil -- L'eternel est mon berger.
526 _aSEG42
526 _aSEG41
526 _aSEG40
526 _aSEG39
526 _aP94
526 _aP87
526 _aP86
526 _aP85
526 _aP77
526 _aP76
526 _aP35
650 1 4 _aAdventistas del Séptimo Día
_xDoctrinas.
650 2 4 _aEscatología.
_95923
910 _ajck
_bjvq
_cjck
942 _2ddc
_cBOOK
949 _a236 D94
_wDEWEY
_c1
_i41515
_lCCODEBUL1
_mBUL
_p30.00
_r0
_sY
_tBOOK
_u2015-04-23
_xBIBLIOTECA
_zUNKNOWN
_0COMPRA
_o.STAFF. Colección Teología
994 _aC0
_bPEPRU
596 _a1
999 _a236 D94
_wDEWEY
_c59574
_i41515
_f2021-11-10
_g5
_lCCODEBUL1
_mBUL
_p30.00
_r0
_sY
_tBOOK
_u2015-4-23
_xTEOLOGIA
_PP35
_0COMPRA
_o.STAFF. Colección Teología
_d59574
980 _81
_gALBERTO SANCHEZ Responsable de Automatización